Les articles de la Constitution - aléatoire - Statistiques

Statistiques générales
  • Ce quiz a été pris 150 fois
  • Le résultat moyen est 2 sur 15
Statistiques - réponses
Article Réponse % Correct
Article 11 Référendums
66%
Article 89 Modalités de révision de la Constitution
63%
Article 34 Domaine de la loi
48%
Article 38 Dispositions sur les ordonnances
46%
Article 12 Dissolution de l'Assemblée
41%
Articles 49 Responsabilité du gouvernement
30%
Article3 Souveraineté nationale
30%
Article 17 droit de grâce
29%
Article 1 Les principes de la France
29%
Articles 6 et 7 Modalités d'élection du Président de la République
19%
Article 2 Les emblèmes de la France
15%
Article 16 Pouvoirs exceptionnels du Président
13%
Article 68 Destitution du Président
9%
Article 20 Gouvernement détermine la politique de la nation
9%
Article 24 Pouvoirs du Parlement
8%
Article 67 Irresponsabilité pénale et civile du Président
4%
Article 5 Le rôle du président de la République
4%
Article 14 Accréditation des ambassadeurs
0%
Article 50 Démission du gouvernement
0%
Article 68-1 Gouvernement responsable devant la CJR
0%
Article 26 Irresponsabilité des parlementaires
0%
Articles 8 et 9 Nomination du gouvernement par le Président
0%
Article 23 Non cumul des mandats
0%
Article 21 Pouvoirs du Premier ministre
0%
Article 52 Président négocie et ratifie les traités
0%
Article 13 Président signe les ordonnances et décrets
0%
Article 53-2 Reconnaissance de la juridiction de la CPI
0%
Articles 28 et 29 Sessions ordinaires et extraordinaires du Parlement
0%
Article 55 Traités supérieurs à la loi
0%
Aucun quiz correspondant
Distribution des résultats
% des personnes avec chaque résultat
Percentile par nombre de réponses
Votre historique - résultats
Vous n’avez pas pris ce quiz